| 000 | 00000nam##2200000za#4500 |
| 001 | 9.676344 |
| 003 | CaOODSP |
| 005 | 20250403105600 |
| 007 | cr ||||||||||| |
| 008 | 150407|1988||||xxc|||||o f|0| 0 fre|d |
| 040 | |aCaOODSP|bfre |
| 041 | |aeng |
| 041 | |afre |
| 043 | |an-cn--- |
| 086 | 1 |aCS93-F0015-3/1988-PDF |
| 245 | 00|aRecensement du Canada de 1986 : régions de tri d'acheminement urbaines profils - partie 1 : |h[ressource électronique]|bOntario |
| 260 | |aOttawa - Ontario : |bStatistique Canada |c1988. |
| 500 | |aPublication du recensement historique numérisé par Statistique Canada. |
| 590 | |a13-07-Supp|b2013-03-25 |
| 691 | 07|aRecensement|2gcpds |
| 710 | 2 |aStatistique Canada. |
| 791 | |t1986 Census of Canada : urban forward sortation area profiles - part 1 : |eeng|w(CaOODSP)9.676343 |
| 856 | 40|ahttp://publications.gc.ca|qPDF|s12.0 Mo|uhttps://publications.gc.ca/collections/collection_2013/statcan/rh-hc/CS93-F0015-3-1988.pdf |